[Event "Rocco Siffredi for president"]
[Site "SchemingMind.com"]
[Date "2017.01.01"]
[Round "-"]
[White "ray winteringham"]
[Black "dixan"]
[Result "1-0"]
[WhiteCountry "ENG"]
[BlackCountry "ITA"]
[WhiteElo "1495"]
[WhiteRD "52"]
[BlackElo "1884"]
[BlackRD "106"]
[GameID "408776"]

1. e4 d5 2. exd5 Nf6 3. Be2 Nxd5 4. Nf3 Nf4 5. O-O Nxe2+ 6. Qxe2 Bg4 7. d3 Nc6 8. c3 e6 9. Be3 Ne5 10. Nbd2 Bd6
11. h3 Bh5 12. g4 Bg6 13. d4 Bd3 14. Qe1 Nxf3+ 15. Nxf3 Bxf1 16. Qxf1 Qf6 17. Qg2 Qg6 18. Nh4 Qc2 19. Qxb7 O-O 20. Qb3 Qe4
21. Qd1 Rab8 22. b4 f5 23. Qf3 Qxf3 24. Nxf3 fxg4 25. Ng5 gxh3 26. Nxe6 Rf6 27. d5 Rg6+ 28. Kh1 a6 29. a3 h6 30. c4 h2
31. c5 Be5 32. Re1 Rg1+ 33. Rxg1 hxg1=Q+ 34. Kxg1 Kf7 35. f4 Bb2 36. Nxc7 Bxa3 37. Nxa6 Rxb4 38. Nxb4
1-0

[Event "Rocco Siffredi for president"]
[Site "SchemingMind.com"]
[Date "2017.01.01"]
[Round "-"]
[White "dixan"]
[Black "ray winteringham"]
[Result "1-0"]
[WhiteCountry "ITA"]
[BlackCountry "ENG"]
[WhiteElo "1884"]
[WhiteRD "106"]
[BlackElo "1495"]
[BlackRD "52"]
[GameID "408777"]

1. e4 c5 2. d4 cxd4 3. c3 dxc3 4. Bc4 e6 5. Nxc3 Bc5 6. Nf3 Ne7 7. O-O O-O 8. Na4 b6 9. Nxc5 bxc5 10. Qd6 Bb7
11. Re1 Nbc6 12. Bg5 f6 13. Bh4 g5 14. Bg3 h6 15. Rad1 Bc8 16. Qxc5 Kf7 17. Bxe6+ Kxe6 18. Qc4+ d5 19. exd5+
1-0

[Event "Rocco Siffredi for president"]
[Site "SchemingMind.com"]
[Date "2017.01.02"]
[Round "-"]
[White "ray winteringham"]
[Black "Simon Green"]
[Result "0-1"]
[WhiteCountry "ENG"]
[BlackCountry "ENG"]
[WhiteElo "1495"]
[WhiteRD "52"]
[BlackElo "1639"]
[BlackRD "63"]
[GameID "408803"]

1. e4 e6 2. d4 d5 3. e5 c5 4. Be3 Qb6 5. b3 Nc6 6. Nf3 Bd7 7. Be2 cxd4 8. Bxd4 Nxd4 9. O-O Rc8 10. Nxd4 a6
11. Kh1 Bc5 12. c3 Ne7 13. f4 Bxd4 14. cxd4 Nf5 15. Qd2 Nxd4 16. Qd1 Nc2 17. Nd2 Nxa1 18. Qxa1 O-O 19. h3 Qe3
0-1

[Event "Rocco Siffredi for president"]
[Site "SchemingMind.com"]
[Date "2017.01.02"]
[Round "-"]
[White "Simon Green"]
[Black "ray winteringham"]
[Result "1-0"]
[WhiteCountry "ENG"]
[BlackCountry "ENG"]
[WhiteElo "1639"]
[WhiteRD "63"]
[BlackElo "1495"]
[BlackRD "52"]
[GameID "408804"]

1. d4 d5 2. e3 g6 3. Bd3 Bg7 4. f4 Nc6 5. c3 f5 6. Nf3 Nf6 7. O-O O-O 8. Nbd2 e6 9. Qe1 Bd7 10. Ne5 Ne7
11. Ndf3 c6 12. b3 Ne4 13. Ba3 Re8 14. Nxd7 Qxd7 15. Bxe4 dxe4 16. Ne5 Bxe5 17. fxe5 b5 18. Bxe7 Qxe7 19. Qd2 a5 20. a3 c5
21. Qe2 Rec8 22. Qxb5 Qa7 23. Qc4 Kf7 24. Qe2 a4 25. b4 cxb4 26. cxb4 Rc7 27. Rfc1 Rd7 28. Rc4 Qa6 29. Kf2 Kg7 30. Rac1 Kf7
31. Qa2 Re8 32. R1c3 Rde7 33. Rc6 Qa7 34. R3c5 Qb7 35. Qc4 Qb8 36. b5 Rb7 37. Qxa4 Rb6 38. Rxb6 Qxb6 39. Rc6 Qb7 40. b6 Re7
41. Qc4 h5 42. a4 g5 43. a5 f4 44. Rc7 Qb8 45. Rxe7+ Kxe7 46. Qc5+ Kf7 47. Qc7+
1-0

[Event "Rocco Siffredi for president"]
[Site "SchemingMind.com"]
[Date "2017.01.03"]
[Round "-"]
[White "Simon Green"]
[Black "dixan"]
[Result "1-0"]
[WhiteCountry "ENG"]
[BlackCountry "ITA"]
[WhiteElo "1641"]
[WhiteRD "60"]
[BlackElo "1686"]
[BlackRD "99"]
[GameID "408805"]

1. d4 d5 2. e3 Nf6 3. f4 Bf5 4. Bd3 Be4 5. Bxe4 Nxe4 6. Nc3 Nxc3 7. bxc3 e6 8. Nf3 Nd7 9. O-O Be7 10. Bd2 O-O
11. Qe2 c5 12. Rab1
1-0

[Event "Rocco Siffredi for president"]
[Site "SchemingMind.com"]
[Date "2017.01.02"]
[Round "-"]
[White "dixan"]
[Black "Simon Green"]
[Result "0-1"]
[WhiteCountry "ITA"]
[BlackCountry "ENG"]
[WhiteElo "1686"]
[WhiteRD "99"]
[BlackElo "1641"]
[BlackRD "60"]
[GameID "408806"]

1. e4 e6 2. d4 d5 3. exd5 exd5 4. Nf3 Nf6 5. Bd3 Be7 6. O-O Nc6 7. c3 Bg4 8. Be3 O-O 9. Nbd2 Bd6 10. Qb3 b6
11. Bg5 h6
0-1

[Event "Rocco Siffredi for president"]
[Site "SchemingMind.com"]
[Date "2017.01.04"]
[Round "-"]
[White "Transcendent"]
[Black "ray winteringham"]
[Result "1-0"]
[WhiteCountry "ENG"]
[BlackCountry "ENG"]
[WhiteElo "1688"]
[WhiteRD "62"]
[BlackElo "1493"]
[BlackRD "51"]
[GameID "408921"]

1. d4 d5 2. c4 e6 3. Nf3 Nf6 4. g3 a6 5. Bg2 c6 6. O-O b5 7. cxd5 Nxd5 8. e4 Nc7 9. Be3 Bb7 10. Qc2 Nd7
11. a4 Be7 12. Rd1 h6 13. Nbd2 O-O 14. Rac1 Rb8 15. axb5 axb5 16. d5 exd5 17. exd5 Nxd5 18. Ne4 Rc8 19. Nd4 Nxe3 20. fxe3 Qb6
21. Nf5 Bd8 22. Rxd7 g6 23. Nxh6+ Kg7 24. Ng4 Rc7 25. Qc3+ Kg8 26. Ngf6+ Bxf6 27. Nxf6+
1-0

[Event "Rocco Siffredi for president"]
[Site "SchemingMind.com"]
[Date "2017.01.04"]
[Round "-"]
[White "ray winteringham"]
[Black "Transcendent"]
[Result "1-0"]
[WhiteCountry "ENG"]
[BlackCountry "ENG"]
[WhiteElo "1493"]
[WhiteRD "51"]
[BlackElo "1688"]
[BlackRD "62"]
[GameID "408922"]

1. e4 e5 2. Nf3 Nc6 3. Nc3 Nf6 4. d3 d5 5. Bg5 Be6 6. h3 Be7 7. Be2 O-O 8. O-O d4 9. Nb1 h6 10. Bh4 Nd7
11. Bg3 f5 12. Nfd2 f4 13. Bh2 Bg5 14. Nf3 Nf6 15. Nxg5 hxg5 16. f3 g6 17. Nd2 Rf7 18. b3 Qe7 19. Qe1 Nb4 20. Qd1 Qc5
21. Kh1 Qxc2 22. a3 Qxd1 23. Bxd1 Nxd3 24. Be2 Nc5 25. Rfc1 Nxb3 26. Nxb3 Bxb3 27. Rab1 Ba2 28. Rxb7
1-0

[Event "Rocco Siffredi for president"]
[Site "SchemingMind.com"]
[Date "2017.01.08"]
[Round "-"]
[White "Transcendent"]
[Black "Simon Green"]
[Result "1-0"]
[WhiteCountry "ENG"]
[BlackCountry "ENG"]
[WhiteElo "1714"]
[WhiteRD "62"]
[BlackElo "1600"]
[BlackRD "63"]
[GameID "408923"]

1. d4 e6 2. e4 d5 3. Nc3 Nf6 4. e5 Nfd7 5. f4 c5 6. Be3 c4 7. Nf3 Be7 8. Be2 f5 9. O-O a6 10. a4 Nc6
11. b3 Qa5 12. Bd2 Bb4 13. Na2 Bxd2 14. Qxd2 Qxd2 15. Nxd2 Nxd4 16. Bd1 cxb3 17. cxb3 O-O 18. Rc1 b5 19. a5 Rb8 20. Nb4 Bb7
21. Rc7 Rfd8 22. Nf3 Nxf3+ 23. Rxf3 d4 24. Rd3 Be4 25. Rxd4 Rbc8 26. Rcxd7 Rxd7 27. Rxd7 Rc1 28. Nxa6 Bd5 29. Nc7 Rxd1+ 30. Kf2 Rd2+
31. Ke1 Rxg2 32. Nxd5 exd5 33. Rxd5 Rxh2 34. Rxb5 Rh1+ 35. Ke2 g6 36. Rb7 Ra1 37. b4 h5 38. Kd3 h4 39. Rc7 h3 40. Rc2 Rg1
41. Rh2 Re1 42. b5 Re4 43. Rxh3 Rb4 44. b6 Kf7 45. Rh7+ Ke6 46. Rg7 Rxf4 47. Rxg6+ Kxe5 48. b7 Rd4+ 49. Kc3 Rd8 50. a6
1-0

[Event "Rocco Siffredi for president"]
[Site "SchemingMind.com"]
[Date "2017.01.08"]
[Round "-"]
[White "Simon Green"]
[Black "Transcendent"]
[Result "1/2-1/2"]
[WhiteCountry "ENG"]
[BlackCountry "ENG"]
[WhiteElo "1688"]
[WhiteRD "62"]
[BlackElo "1688"]
[BlackRD "62"]
[GameID "408924"]

1. d4 d5 2. e3 Nf6 3. Bd3 c5 4. c3 Nc6 5. f4 Bg4 6. Nf3 cxd4 7. cxd4 e6 8. Nbd2 Bb4 9. O-O Bxd2 10. Bxd2 Ne4
11. Qe1 O-O 12. Bxe4 dxe4 13. Ne5 Nxe5 14. fxe5 Rc8 15. Bc3 f5 16. exf6 Rxf6 17. h3 Rxf1+ 18. Qxf1 Bf5 19. Qf4 Qd5 20. g4 Bg6
21. a3 Rf8 22. Qe5 Qxe5=
1/2-1/2

[Event "Rocco Siffredi for president"]
[Site "SchemingMind.com"]
[Date "2017.01.04"]
[Round "-"]
[White "dixan"]
[Black "Transcendent"]
[Result "0-1"]
[WhiteCountry "ITA"]
[BlackCountry "ENG"]
[WhiteElo "1500"]
[WhiteRD "80"]
[BlackElo "1688"]
[BlackRD "62"]
[GameID "408926"]

1. e4 e6 2. d4 d5 3. exd5 exd5 4. Nf3 Bd6 5. Bd3 Ne7 6. Bg5 f6 7. Bh4 O-O 8. O-O Bg4 9. Nbd2 Nd7 10. c3 c6
11. Qc2 g6 12. Rae1 Kg7 13. h3 Bxf3 14. Nxf3 Re8 15. Re6 Bf4 16. Bg3 Bxg3
0-1

[Event "Rocco Siffredi for president"]
[Site "SchemingMind.com"]
[Date "2017.01.09"]
[Round "-"]
[White "Transcendent"]
[Black "kenneth m day"]
[Result "0-1"]
[WhiteCountry "ENG"]
[BlackCountry "USA"]
[WhiteElo "1719"]
[WhiteRD "63"]
[BlackElo "1678"]
[BlackRD "55"]
[GameID "409063"]

1. d4 Nf6 2. c4 e6 3. g3 d5 4. Nf3 Be7 5. Bg2 dxc4 6. O-O O-O 7. Qc2 Nc6 8. Qxc4 Bd7 9. a3 a6 10. Bf4 b5
11. Qc2 Bd6 12. Bxd6 cxd6 13. e3 Rc8 14. Qe2 Re8 15. Nc3 e5 16. d5 Ne7 17. e4 Bg4 18. h3 Bh5 19. g4 Bg6 20. Nh4 Qd7
21. Nxg6 Nxg6 22. Rac1 Nf4 23. Qd2 h5 24. gxh5 N6xh5 25. Ne2 Nxh3+ 26. Bxh3 Qxh3 27. Ng3 Nf4
0-1

[Event "Rocco Siffredi for president"]
[Site "SchemingMind.com"]
[Date "2017.01.09"]
[Round "-"]
[White "kenneth m day"]
[Black "Transcendent"]
[Result "0-1"]
[WhiteCountry "USA"]
[BlackCountry "ENG"]
[WhiteElo "1686"]
[WhiteRD "57"]
[BlackElo "1688"]
[BlackRD "62"]
[GameID "409064"]

1. e4 e6 2. d4 d5 3. Nd2 Nf6 4. e5 Nfd7 5. Bd3 c5 6. c3 Nc6 7. Ne2 cxd4 8. cxd4 f6 9. Nf3 Qb6 10. Qc2 fxe5
11. dxe5 Bb4+ 12. Bd2 Bxd2+ 13. Qxd2 O-O 14. Ng5 Qxf2+ 15. Kd1 Ndxe5 16. Kc2 Nxd3 17. Qxd3 Nb4+ 18. Kd2 Nxd3 19. Kxd3 Qf5+
0-1

[Event "Rocco Siffredi for president"]
[Site "SchemingMind.com"]
[Date "2017.01.08"]
[Round "-"]
[White "kenneth m day"]
[Black "ray winteringham"]
[Result "1-0"]
[WhiteCountry "USA"]
[BlackCountry "ENG"]
[WhiteElo "1686"]
[WhiteRD "57"]
[BlackElo "1493"]
[BlackRD "51"]
[GameID "409065"]

1. e4 e5 2. Nf3 Nc6 3. c3 Nf6 4. d4 exd4 5. e5 Nd5 6. Qb3 Nb6 7. cxd4 d6 8. Bb5 Bd7 9. O-O Be7 10. Bf4 O-O
11. Bd3 h6 12. Nbd2 Be6 13. Qd1 Bg4 14. h3 Bh5 15. Nb3 f6 16. Re1 Nd5 17. Bh2 dxe5 18. dxe5 fxe5 19. Be4 Nf4 20. Qc2 Bxf3
21. Bxf3 Nxh3+ 22. Kf1 Ng5 23. Rad1 Bd6 24. Bd5+ Kh8 25. Bg3 Nb4 26. Qe2 c6 27. Bc4 Nxa2 28. Qh5 Qf6 29. Nd2 Nb4 30. Kg1 b5
31. Bb3 Nd3 32. Re2 Nc5 33. Bc2 e4 34. Bxd6 Qxd6 35. Nxe4 Qe5 36. Nxc5 Qxc5 37. Qg6 Rf6 38. Qd3 Raf8 39. Rdd2 g6 40. Qc3 Qb6
41. Qe5 Kh7 42. Rd7+ Kg8 43. Bb3+ Kh8 44. Rd6 Kg7 45. Rd7+ Nf7 46. Qc3 c5 47. Bd5 h5 48. Re6
1-0

[Event "Rocco Siffredi for president"]
[Site "SchemingMind.com"]
[Date "2017.01.08"]
[Round "-"]
[White "ray winteringham"]
[Black "kenneth m day"]
[Result "0-1"]
[WhiteCountry "ENG"]
[BlackCountry "USA"]
[WhiteElo "1486"]
[WhiteRD "52"]
[BlackElo "1698"]
[BlackRD "55"]
[GameID "409066"]

1. e4 e5 2. Nf3 Nc6 3. Nc3 Nf6 4. Bc4 Nxe4 5. Nxe4 d5 6. Bxd5 Qxd5 7. d3 Bg4 8. h3 Bh5 9. Bg5 f6 10. Bxf6 Be7
11. Bxe7 Nxe7 12. O-O O-O-O 13. g4 Bg6 14. Nc3 Qc6 15. Nxe5 Qb6 16. Qf3 Rhf8 17. Qg2 Be8 18. Nc4 Qd4 19. Rab1 Bc6 20. Qg3 Ng6
21. Rfe1 Nf4 22. Re4 Bxe4 23. dxe4 Qxc4 24. Kh2 Rd2 25. b3 Qd4 26. Rf1 Rxc2 27. Nb5 Qc5
0-1

[Event "Rocco Siffredi for president"]
[Site "SchemingMind.com"]
[Date "2017.01.13"]
[Round "-"]
[White "kenneth m day"]
[Black "Simon Green"]
[Result "0-1"]
[WhiteCountry "USA"]
[BlackCountry "ENG"]
[WhiteElo "1678"]
[WhiteRD "55"]
[BlackElo "1680"]
[BlackRD "64"]
[GameID "409067"]

1. e4 e6 2. d4 d5 3. Nd2 Nf6 4. e5 Nfd7 5. Bd3 c5 6. c3 c4 7. Bc2 Nc6 8. Ndf3 Be7 9. Ne2 f5 10. Nf4 Nb6
11. h4 O-O 12. Nh5 g6 13. Nf6+ Bxf6 14. exf6 Qxf6 15. Bg5 Qf7 16. Qe2 Nd7 17. O-O-O Nf6 18. Ne5 Nxe5 19. Qxe5 Bd7 20. f3 h5
21. Rdg1 Nh7 22. Bh6 Rfe8 23. g4 hxg4 24. fxg4 Nf6 25. gxf5 exf5 26. Qg3 Ng4 27. Bg5 Kg7 28. Bf4 Rg8 29. h5 gxh5 30. Be5+ Kf8
31. Bd6+ Ke8 32. Re1+ Be6 33. Ba4+ Kd8 34. Bc7+ Qxc7 35. Qxc7+ Kxc7 36. Rxe6 Rh8 37. Bc2 Raf8 38. Re7+ Kc6 39. Rhe1 Rh6 40. Rg7 h4
41. Bxf5 Rxf5 42. Rxg4 h3 43. Rh1 Rf2 44. Rgg1 h2 45. Re1 Rhf6 46. Rd1 Rg2 47. Rhe1 Rff2 48. Re6+ Kb5 49. a4+ Kxa4
0-1

[Event "Rocco Siffredi for president"]
[Site "SchemingMind.com"]
[Date "2017.01.13"]
[Round "-"]
[White "Simon Green"]
[Black "kenneth m day"]
[Result "0-1"]
[WhiteCountry "ENG"]
[BlackCountry "USA"]
[WhiteElo "1680"]
[WhiteRD "64"]
[BlackElo "1678"]
[BlackRD "55"]
[GameID "409068"]

1. d4 Nf6 2. e3 d6 3. Bd3 Bg4 4. f3 Bh5 5. Nd2 c5 6. c3 Nc6 7. Ne2 e6 8. O-O Be7 9. f4 Qd7 10. Nf3 h6
11. Bd2 g5 12. fxg5 hxg5 13. Nxg5 O-O-O 14. Qc2 Rdg8 15. Nh3 Bxe2 16. Bxe2 Rxh3 17. Kh1 Rhh8 18. e4 cxd4 19. cxd4 Kb8 20. Bb5 Qc7
21. Bxc6 bxc6 22. e5 dxe5 23. dxe5 Nd5 24. Qb3+ Kc8 25. Rac1 Rxh2+ 26. Kxh2 Qxe5+ 27. g3 Rh8+ 28. Kg2 Qe4+ 29. Qf3 Qd4 30. Qxf7 Qxd2+
31. Qf2 Ne3+ 32. Kg1 Nxf1 33. Rxf1 Bc5
0-1

[Event "Rocco Siffredi for president"]
[Site "SchemingMind.com"]
[Date "2017.01.08"]
[Round "-"]
[White "kenneth m day"]
[Black "dixan"]
[Result "1-0"]
[WhiteCountry "USA"]
[BlackCountry "ITA"]
[WhiteElo "1698"]
[WhiteRD "55"]
[BlackElo "1686"]
[BlackRD "99"]
[GameID "409069"]

1. e4 d5 2. exd5 Nf6 3. c4 e6 4. Nc3 exd5 5. d4 Bb4 6. Nf3 O-O 7. Bd3 Re8+ 8. Be3 Be6 9. cxd5 Bxc3+ 10. bxc3 Nxd5
11. Bd2 Nxc3 12. Qc1
1-0

[Event "Rocco Siffredi for president"]
[Site "SchemingMind.com"]
[Date "2017.01.08"]
[Round "-"]
[White "dixan"]
[Black "kenneth m day"]
[Result "0-1"]
[WhiteCountry "ITA"]
[BlackCountry "USA"]
[WhiteElo "1500"]
[WhiteRD "80"]
[BlackElo "1686"]
[BlackRD "57"]
[GameID "409070"]

1. e4 e5 2. d4 exd4 3. c3 d5 4. exd5 Qxd5 5. cxd4 Nc6 6. Nf3 Bg4 7. Nc3 Qe6+ 8. Be2 O-O-O 9. Be3 Nf6 10. O-O h6
11. Qa4 a6 12. Rfd1 Bh5 13. Rac1 Bg6 14. Bc4 Qg4 15. Bxa6 Rd6
0-1

[Event "Rocco Siffredi for president"]
[Site "SchemingMind.com"]
[Date "2017.01.10"]
[Round "-"]
[White "Transcendent"]
[Black "William Lindberg"]
[Result "0-1"]
[WhiteCountry "ENG"]
[BlackCountry "USA"]
[WhiteElo "1688"]
[WhiteRD "62"]
[BlackElo "2385"]
[BlackRD "72"]
[GameID "409090"]

1. e4 c5 2. Nf3 e6 3. d4 cxd4 4. Nxd4 Nc6 5. Nc3 Nf6 6. Bg5 h6 7. Be3 Bb4 8. Bd3 d5 9. exd5 Nxd5 10. Qd2 Nxe3
11. fxe3 O-O 12. Nxc6 bxc6 13. O-O-O Qa5 14. a3 Bxa3 15. Ne4 Bxb2+ 16. Kxb2 Rb8+
0-1

[Event "Rocco Siffredi for president"]
[Site "SchemingMind.com"]
[Date "2017.01.09"]
[Round "-"]
[White "William Lindberg"]
[Black "Transcendent"]
[Result "1-0"]
[WhiteCountry "USA"]
[BlackCountry "ENG"]
[WhiteElo "2424"]
[WhiteRD "70"]
[BlackElo "1636"]
[BlackRD "81"]
[GameID "409091"]

1. c4 e5 2. Nc3 Bb4 3. Nf3 Bxc3 4. bxc3 d6 5. g3 Ne7 6. Bg2 O-O 7. d4 f6 8. O-O Bf5 9. dxe5 dxe5 10. Nh4 Be6
11. Qxd8 Rxd8 12. Bxb7
1-0

[Event "Rocco Siffredi for president"]
[Site "SchemingMind.com"]
[Date "2017.01.10"]
[Round "-"]
[White "kenneth m day"]
[Black "William Lindberg"]
[Result "0-1"]
[WhiteCountry "USA"]
[BlackCountry "USA"]
[WhiteElo "1686"]
[WhiteRD "57"]
[BlackElo "2385"]
[BlackRD "72"]
[GameID "409092"]

1. e4 e5 2. Nf3 Nc6 3. c3 d5 4. Qa4 f6 5. d3 Be6 6. Nbd2 Qe7 7. Be2 Qd7 8. O-O a6 9. exd5 Bxd5 10. Re1 Nge7
11. Ne4 Nf5 12. Bd2 Be7 13. Rad1 O-O-O 14. d4 Bxe4 15. Bxa6 Bxf3 16. gxf3 Ncxd4 17. Qxd7+ Rxd7 18. Bxb7+ Kxb7 19. cxd4 Nxd4 20. Kg2 Rhd8
21. Be3 Nxf3
0-1

[Event "Rocco Siffredi for president"]
[Site "SchemingMind.com"]
[Date "2017.01.10"]
[Round "-"]
[White "William Lindberg"]
[Black "kenneth m day"]
[Result "1-0"]
[WhiteCountry "USA"]
[BlackCountry "USA"]
[WhiteElo "2385"]
[WhiteRD "72"]
[BlackElo "1686"]
[BlackRD "57"]
[GameID "409093"]

1. e4 e5 2. Nf3 Nc6 3. Bb5 f5 4. Nc3 fxe4 5. Nxe4 Nf6 6. Nxf6+ gxf6 7. d4 Bg7 8. dxe5 O-O 9. exf6 Bxf6 10. Bc4+ Kh8
11. O-O d6 12. Bd5 Bg4 13. Bh6 Re8 14. c3 Qd7 15. Qd2 Qf5 16. Rfe1 Ne5 17. Nxe5 Bxe5 18. f3 Bxh2+ 19. Kxh2 Qh5+ 20. Kg1 Bd7
21. Qd4+ Re5 22. Bxb7 Re8 23. Bf4 Kg8 24. Bxe5 Rxe5 25. f4 Rxe1+ 26. Rxe1
1-0

[Event "Rocco Siffredi for president"]
[Site "SchemingMind.com"]
[Date "2017.01.10"]
[Round "-"]
[White "ray winteringham"]
[Black "William Lindberg"]
[Result "0-1"]
[WhiteCountry "ENG"]
[BlackCountry "USA"]
[WhiteElo "1495"]
[WhiteRD "52"]
[BlackElo "2408"]
[BlackRD "71"]
[GameID "409094"]

1. e4 e5 2. Nf3 Nc6 3. Nc3 Nf6 4. d3 Bb4 5. Bd2 O-O 6. Be2 d5 7. exd5 Nxd5 8. Nxd5 Bxd2+ 9. Qxd2 Qxd5 10. c4 Qd6
11. b3 Bg4 12. O-O e4 13. Ne1 Bf5 14. Rd1 Rad8 15. f3 exd3 16. Bxd3 Nb4 17. Bxf5 Qxd2 18. Rxd2 Rxd2 19. a3 Nc6 20. Be4 Nd4
21. b4 c6 22. Nd3 f5 23. Bxf5 Nxf5 24. Nc5 Ne3 25. Rf2 Rd1+
0-1

[Event "Rocco Siffredi for president"]
[Site "SchemingMind.com"]
[Date "2017.01.09"]
[Round "-"]
[White "William Lindberg"]
[Black "ray winteringham"]
[Result "1-0"]
[WhiteCountry "USA"]
[BlackCountry "ENG"]
[WhiteElo "2408"]
[WhiteRD "71"]
[BlackElo "1495"]
[BlackRD "52"]
[GameID "409095"]

1. c4 e5 2. Nc3 Nf6 3. Nf3 d6 4. d4 exd4 5. Nxd4 c5 6. Nc2 Be6 7. e4 Be7 8. Be2 O-O 9. O-O Nc6 10. b3 h6
11. Bb2 a6 12. f4 Nh7 13. Nd5 f5 14. exf5 Bxf5 15. Bf3 Rc8 16. Nce3 Bd7 17. Nxe7+ Qxe7 18. Re1 Qd8 19. Qxd6 Nf6 20. Nd5 Nxd5
21. Qxd5+ Kh8 22. Qxc5 Rxf4 23. Qd6 Rf8 24. Qxh6+ Kg8 25. Qxg7#
1-0

[Event "Rocco Siffredi for president"]
[Site "SchemingMind.com"]
[Date "2017.01.14"]
[Round "-"]
[White "Simon Green"]
[Black "William Lindberg"]
[Result "0-1"]
[WhiteCountry "ENG"]
[BlackCountry "USA"]
[WhiteElo "1641"]
[WhiteRD "60"]
[BlackElo "2424"]
[BlackRD "70"]
[GameID "409096"]

1. d4 Nf6 2. e3 e6 3. Bd3 d5 4. f4 c5 5. c3 Bd6 6. Nf3 O-O 7. O-O b6 8. Nbd2 Bb7 9. Ne5 Qc7 10. Qe1 Nc6
11. b3 cxd4 12. cxd4 Nb4 13. Qe2 Nxd3 14. Qxd3 a5 15. Bb2 Ba6 16. Qb1 Bxf1 17. Nxf1 Rfc8 18. Qe1 Qc2 19. Rb1 Ne4 20. Ng3 Bb4
0-1

[Event "Rocco Siffredi for president"]
[Site "SchemingMind.com"]
[Date "2017.01.13"]
[Round "-"]
[White "William Lindberg"]
[Black "Simon Green"]
[Result "1-0"]
[WhiteCountry "USA"]
[BlackCountry "ENG"]
[WhiteElo "2424"]
[WhiteRD "70"]
[BlackElo "1641"]
[BlackRD "60"]
[GameID "409097"]

1. d4 e6 2. Nf3 d5 3. c4 Nf6 4. Nc3 Bb4 5. Bg5 Nbd7 6. e3 c6 7. cxd5 cxd5 8. Bd3 O-O 9. O-O Bxc3 10. bxc3 Qc7
11. Rc1 b6 12. c4 Qd6 13. cxd5 Nxd5 14. e4 Nb4 15. e5 Qd5 16. Bb1 Ba6 17. Re1 Bc4 18. Be7 Rfe8 19. Bxb4 f5 20. exf6 Nxf6
21. Re5 Qc6 22. Bd3 b5 23. Nd2 Rac8 24. Nxc4 bxc4 25. Rxc4 Qb7 26. Rxc8 Rxc8 27. Bc5 Nd7 28. Rxe6 Nxc5 29. dxc5 Qd7 30. Bxh7+
1-0

[Event "Rocco Siffredi for president"]
[Site "SchemingMind.com"]
[Date "2017.01.09"]
[Round "-"]
[White "William Lindberg"]
[Black "dixan"]
[Result "1-0"]
[WhiteCountry "USA"]
[BlackCountry "ITA"]
[WhiteElo "2385"]
[WhiteRD "72"]
[BlackElo "1500"]
[BlackRD "80"]
[GameID "409098"]

1. e4 d6 2. d4 Nf6 3. Nc3 g6 4. Nf3 Bg7 5. Be2 O-O 6. O-O c6 7. h3 Nbd7 8. Bf4 Ne8 9. Qd2 f5 10. Bc4+ Kh8
11. Ng5 Ndf6 12. Nf7+ Rxf7 13. Bxf7 fxe4 14. Bxe8 Qxe8 15. Rae1 d5 16. f3 exf3 17. Rxf3
1-0

[Event "Rocco Siffredi for president"]
[Site "SchemingMind.com"]
[Date "2017.01.10"]
[Round "-"]
[White "dixan"]
[Black "William Lindberg"]
[Result "0-1"]
[WhiteCountry "ITA"]
[BlackCountry "USA"]
[WhiteElo "1884"]
[WhiteRD "106"]
[BlackElo "2408"]
[BlackRD "71"]
[GameID "409099"]

1. e4 e5 2. d4 exd4 3. c3 dxc3 4. Nxc3 Bc5 5. Nf3 d6 6. Be2 Nf6 7. Bg5 Nbd7 8. Nd5 h6 9. Be3 Bxe3 10. O-O Bc5
11. Rc1 Nxd5 12. Qxd5 O-O 13. Bd3 Re8
0-1

[Event "Rocco Siffredi for president"]
[Site "SchemingMind.com"]
[Date "2017.01.13"]
[Round "-"]
[White "Transcendent"]
[Black "Robert Bruce"]
[Result "0-1"]
[WhiteCountry "ENG"]
[BlackCountry "SCO"]
[WhiteElo "1719"]
[WhiteRD "63"]
[BlackElo "2360"]
[BlackRD "70"]
[GameID "409116"]

1. e4 Nf6 2. e5 Nd5 3. d4 d6 4. c4 Nb6 5. exd6 exd6 6. Nc3 Nc6 7. Be2 Be7 8. Nf3 Bg4 9. O-O O-O 10. b3 d5
11. c5 Nc8 12. Bf4 a6 13. h3 Bf5 14. Re1 Bf6 15. g4 Be4 16. Nxe4 dxe4 17. Ne5 Nxd4 18. Rc1 Re8 19. Nc4 Na7 20. Kg2 Nac6
21. Be3 Qe7 22. a3 Rad8 23. Bd2 Nxe2 24. Qxe2 Nd4 25. Qe3 Nf3 26. Red1 Rd3 27. Qf4 Bg5
0-1

[Event "Rocco Siffredi for president"]
[Site "SchemingMind.com"]
[Date "2017.01.14"]
[Round "-"]
[White "Robert Bruce"]
[Black "Transcendent"]
[Result "1-0"]
[WhiteCountry "SCO"]
[BlackCountry "ENG"]
[WhiteElo "2360"]
[WhiteRD "70"]
[BlackElo "1719"]
[BlackRD "63"]
[GameID "409117"]

1. d4 d5 2. Nf3 Nf6 3. e3 c5 4. c4 cxd4 5. exd4 Nc6 6. Nc3 e6 7. c5 Be7 8. Bb5 O-O 9. O-O Bd7 10. Re1 a6
11. Bxc6 Bxc6 12. b4 Nd7 13. a4 b6 14. Bf4 bxc5 15. bxc5 Rb8 16. Bxb8 Qxb8 17. Na2 Bf6 18. Rb1 Qc7 19. Nb4 a5 20. Nxc6 Qxc6
21. Qb3 h5 22. Qb5 Qc8 23. c6 Nb8 24. Rec1 Qc7 25. Qb7 Rc8 26. Qxc7 Rxc7 27. Rxb8+ Kh7 28. Rb7
1-0

[Event "Rocco Siffredi for president"]
[Site "SchemingMind.com"]
[Date "2017.01.13"]
[Round "-"]
[White "kenneth m day"]
[Black "Robert Bruce"]
[Result "0-1"]
[WhiteCountry "USA"]
[BlackCountry "SCO"]
[WhiteElo "1678"]
[WhiteRD "55"]
[BlackElo "2360"]
[BlackRD "70"]
[GameID "409118"]

1. e4 c6 2. c4 d5 3. cxd5 cxd5 4. exd5 Nf6 5. Nc3 Nxd5 6. Nxd5 Qxd5 7. d4 Nc6 8. Nf3 Bf5 9. Be3 e6 10. Be2 Bb4+
11. Bd2 Be7 12. b3 O-O 13. O-O Nxd4 14. Nxd4 Qxd4 15. Be3 Qf6 16. Bd4 e5 17. Bb2 Be4 18. Rc1 Rfd8 19. Qe1 Qg5 20. f3 Rd2
21. Bxe5 Rxa2 22. fxe4 Qxe5 23. Bf3 Bd6 24. Qg3 Qd4+
0-1

[Event "Rocco Siffredi for president"]
[Site "SchemingMind.com"]
[Date "2017.01.14"]
[Round "-"]
[White "Robert Bruce"]
[Black "kenneth m day"]
[Result "1-0"]
[WhiteCountry "SCO"]
[BlackCountry "USA"]
[WhiteElo "2360"]
[WhiteRD "70"]
[BlackElo "1678"]
[BlackRD "55"]
[GameID "409119"]

1. d4 Nf6 2. Nf3 e6 3. Bg5 Be7 4. c4 O-O 5. Nc3 d5 6. Qc2 Nbd7 7. Rd1 h6 8. h4 Ne4 9. Bxe7 Qxe7 10. cxd5 Nxc3
11. Qxc3 Nf6 12. dxe6 Bxe6 13. a3 Qd7 14. e3 Ne4 15. Qc2 Bf5 16. Bd3 Rfe8 17. Ne5 Qd5 18. Rh3 c6 19. Rf3 Rxe5 20. dxe5 Qxe5
21. Rxf5 Qxf5 22. Bxe4 Qe5 23. Rd7 Rb8 24. Bd3
1-0